Similar Flags Quiz (1) - Statistics

General Stats
  • This quiz has been taken 84 times
    23 since last reset
  • The average score is 7 of 10
Answer Stats
Picture Answer % Correct
Denmark
80%
England
80%
Latvia
80%
Monaco
80%
Austria
73%
Bahrain
73%
Indonesia
73%
Peru
67%
Poland
67%
Tonga
67%
No matching quizzes found
Score Distribution
Percent of People with Each Score
Percentile by Number Answered
Your Score History
You have not taken this quiz since the last reset